Politické iskrenie : víťazstvá a prehry slovenskej politiky /
Uložené v:
| Hlavný autor: | |
|---|---|
| Médium: | Kniha |
| Jazyk: | Slovak |
| Vydané: |
Bratislava :
Marenčin PT,
2018.
|
| Témy: | |
| ISBN: |
9788056902844 (viaz.) |
| Fyzický popis: |
269 strán ; 21 cm. |
| Tagy: |
Pridať tag
Žiadne tagy, Buďte prvý kto otaguje tento záznam!
|
Titul je dostupný aj v ... 

MARC
| LEADER | 00000nam a2200000 i 4500 | ||
|---|---|---|---|
| 001 | 000615708 | ||
| 005 | 20190618132005.0 | ||
| 008 | 181206s2018 xo e 000 0 slo d | ||
| 020 | |a 9788056902844 (viaz.) | ||
| 040 | |a SVKKK |b slo |c SVKKK |e AACR2 | ||
| 041 | 0 | |a slo | |
| 043 | |a e-xo--- | ||
| 044 | |a xo |c SK | ||
| 072 | 7 | |a 32 |x Politika |2 konspekt | |
| 080 | |a 321-051 |2 2011 | ||
| 080 | |a 32-051 |2 2011 | ||
| 080 | |a 321.01 |2 2011 | ||
| 080 | |a 32 |2 2011 | ||
| 080 | |a 32-028.43 |2 2011 | ||
| 080 | |a 316.64 |2 2011 | ||
| 080 | |a 328/329 |2 2011 | ||
| 080 | |a 323 |2 2011 | ||
| 080 | |a (437.6) |2 2011 | ||
| 080 | |a (047.53) |2 2011 | ||
| 080 | |a (0:82-4) |2 2011 | ||
| 100 | 1 | |a Horský, Michal, |d 1943-2018 |4 aut | |
| 245 | 1 | 0 | |a Politické iskrenie : |b víťazstvá a prehry slovenskej politiky / |c Michal Horský. |
| 260 | |a Bratislava : |b Marenčin PT, |c 2018. | ||
| 300 | |a 269 strán ; |c 21 cm. | ||
| 500 | |a Poznámky | ||
| 504 | |a Bibliografia: s. 266-[270] | ||
| 600 | 1 | 7 | |a Horský, Michal, |d 1943-2018 |2 SVKKKMA |
| 648 | 7 | |a 20.-21. stor. |2 SVKKKPH | |
| 648 | 7 | |a od 1989 |2 SVKKKPH | |
| 650 | 0 | 7 | |a politológovia |2 SVKKKPH |
| 650 | 0 | 7 | |a politici |2 SVKKKPH |
| 650 | 0 | 7 | |a politická moc |2 SVKKKPH |
| 650 | 0 | 7 | |a politika |2 SVKKKPH |
| 650 | 0 | 7 | |a kritika politiky |2 SVKKKPH |
| 650 | 0 | 7 | |a názory a postoje |2 SVKKKPH |
| 650 | 0 | 7 | |a political scientists |2 SVKKKPHeng |
| 650 | 0 | 7 | |a politicians |2 SVKKKPHeng |
| 650 | 0 | 7 | |a political power |2 SVKKKPHeng |
| 650 | 0 | 7 | |a politics |2 SVKKKPHeng |
| 650 | 0 | 7 | |a political critics |2 SVKKKPHeng |
| 650 | 0 | 7 | |a views and attitudes |2 SVKKKPHeng |
| 651 | 7 | |a Slovensko |x politika a vláda |2 SVKKKPH | |
| 651 | 7 | |a Slovensko |x spoločnosť a politika |2 SVKKKPH | |
| 651 | 7 | |a Slovakia |x politics and government |2 SVKKKPHeng | |
| 651 | 7 | |a Slovakia |x society and politics |2 SVKKKPHeng | |
| 655 | 7 | |a rozhovory |2 SVKKKPH | |
| 655 | 7 | |a eseje |2 SVKKKPH | |
| 655 | 7 | |a interviews |2 SVKKKPHeng | |
| 655 | 7 | |a essays |2 SVKKKPHeng | |
| 910 | |a svkkk | ||
| 919 | |a 978-80-569-0284-4 | ||
| 998 | |a BK | ||
| 090 | |g SCKHL |k Sklad Hlavná 10 prízemie |a III.245419 |j 1096963 |i 2720656510 |s Absenčne | ||